[Event "EU Union-ch U14 20th"]
[Site "Mureck"]
[Date "2023.08.05"]
[Round "5"]
[White "Setnik, Jakub"]
[Black "Biro, Beata"]
[Result "0-1"]
[WhiteElo "1177"]
[BlackElo "1624"]
[PlyCount "110"]
[EventDate "2023.08.02"]
[EventType "swiss"]
[EventRounds "9"]
[EventCountry "AUT"]
[SourceTitle "EXT 2024"]
[Source "ChessBase"]
[SourceDate "2023.10.10"]
[SourceVersion "1"]
[SourceVersionDate "2023.10.10"]
[SourceQuality "1"]

1. e4 c5 2. c3 d5 3. Bb5+ Bd7 4. Bxd7+ Qxd7 5. exd5 Qxd5 6. Nf3 Nc6 7. 0-0 e5 8. Re1 0-0-0 9. Na3 Be7 10. Qa4 f5 11. d4 e4 12. Ne5 Nxe5 13. dxe5 a6 14. Nc4 Kb8 15. Qb3 h6 16. Nd6 Qxb3 17. axb3 Bxd6 18. exd6 Nf6 19. Be3 Nd7 20. Ra5 Rhf8 21. f3 f4 22. Bc1 e3 23. Kf1 Rf6 24. Rd1 Re8 25. Ke2 Ree6 26. Ra4 g5 27. h4 Rxd6 28. Rxd6 Rxd6 29. hxg5 hxg5 30. g3 Rf6 31. gxf4 gxf4 32. Kd3 Kc7 33. Re4 Kd6 34. c4 Rf5 35. Re8 Re5 36. Rxe5 Kxe5 37. Bxe3 fxe3 38. Kxe3 a5 39. b4 axb4 40. b3 Nf8 41. f4+ Kf5 42. Kd3 Kxf4 43. Kc2 Ke3 44. Kc1 Kd3 45. Kb2 Ne6 46. Kb1 Kc3 47. Ka2 Nd4 48. Kb1 Nxb3 49. Ka2 Nd2 50. Ka1 Nxc4 51. Ka2 b3+ 52. Kb1 Na3+ 53. Ka1 b2+ 54. Ka2 b1Q+ 55. Kxa3 Qa1# 0-1